V krásnej škole sa deti lepšie učia. Vo Fínsku

Škola vo Fínsku ako aktívna a otvorená základňa vzdelávania, kultúry a športu. Škola v druhom najväčšom fínskom meste Espoo - obývačkou celej štvrte. Architektonická kvalita škôl. Podpora tvorivosti. Sloboda učiteľov vo výučbe. Veľká spoločenská prestíž učiteľov. Spoločenské centrum štvrte. Na školá...

Descripción completa

Guardado en:
Detalles Bibliográficos
Autor principal: Suchý, Daniel
Formato: Capítulo de libro
Lenguaje:eslovaco
Materias:
Etiquetas: Agregar Etiqueta
Sin Etiquetas, Sea el primero en etiquetar este registro!

MARC

LEADER 00000naa a2200000 4500
001 0206059
005 20231113104049.0
041 0 |a slo 
044 |a SK 
245 1 0 |a V krásnej škole sa deti lepšie učia. Vo Fínsku  |c Daniel Suchý 
520 |a Škola vo Fínsku ako aktívna a otvorená základňa vzdelávania, kultúry a športu. Škola v druhom najväčšom fínskom meste Espoo - obývačkou celej štvrte. Architektonická kvalita škôl. Podpora tvorivosti. Sloboda učiteľov vo výučbe. Veľká spoločenská prestíž učiteľov. Spoločenské centrum štvrte. Na školách nešetria. Environmentálny projekt roka. 
610 2 0 |a školstvo 
610 2 0 |a školy 
610 2 0 |a vzdelávanie 
610 2 0 |a kultúra 
610 2 0 |a šport 
610 2 0 |a architektúra 
610 2 0 |a Fínsko 
100 1 |a Suchý, Daniel